Estadísticas para País Anterior Alfabéticamente

Haz click aquí para intentar la prueba.

Estadísticas generales

  • Esta prueba ha sido intentada 39 veces
  • La puntuación promedio es 11 de 21

Estadísticas de respuestas

PaísPrevio% Correcto
IndonesiaIndia
94%
SuizaSuecia
89%
ZimbabueZambia
86%
PortugalPolonia
83%
EsloveniaEslovaquia
69%
IránIrak
69%
BeliceBélgica
49%
MauritaniaMauricio
49%
MozambiqueMontenegro
49%
TaiwánTailandia
49%
AlbaniaAfganistán
46%
DominicaDinamarca
46%
JordaniaJapón
46%
Países BajosOmán
40%
UgandaUcrania
37%
AngolaAndorra
34%
CamerúnCamboya
34%
CubaCroacia
34%
GabónFrancia
34%
YemenVietnam
34%
PerúParaguay
31%

Distribución de puntuación

Porcentaje por número respondido

Porcentaje de gente con cada puntuación

Historial de tus puntuaciones

No has intentado esta prueba.